<?xml version="1.0" encoding="UTF-8"?>
<collection xmlns="http://www.loc.gov/MARC21/slim">
<record>
  <controlfield tag="001">163091</controlfield>
  <controlfield tag="005">20251008105105.0</controlfield>
  <datafield tag="037" ind1=" " ind2=" ">
    <subfield code="a">TESIS-2025-306</subfield>
  </datafield>
  <datafield tag="041" ind1=" " ind2=" ">
    <subfield code="a">spa</subfield>
  </datafield>
  <datafield tag="100" ind1="1" ind2=" ">
    <subfield code="a">Fuertes Iglesias, Carlos</subfield>
  </datafield>
  <datafield tag="245" ind1="0" ind2="0">
    <subfield code="a">La cláusula de consentimiento sexual de los menores en el escenario de un nuevo derecho penal sexual</subfield>
  </datafield>
  <datafield tag="260" ind1=" " ind2=" ">
    <subfield code="a">Zaragoza</subfield>
    <subfield code="b">Universidad de Zaragoza, Prensas de la Universidad</subfield>
    <subfield code="c">2023</subfield>
  </datafield>
  <datafield tag="300" ind1=" " ind2=" ">
    <subfield code="a">728</subfield>
  </datafield>
  <datafield tag="490" ind1="0" ind2=" ">
    <subfield code="a">Tesis de la Universidad de Zaragoza</subfield>
    <subfield code="x">2254-7606</subfield>
    <subfield code="v">2025-305</subfield>
  </datafield>
  <datafield tag="500" ind1=" " ind2=" ">
    <subfield code="a">Presentado:  21 07 2023</subfield>
  </datafield>
  <datafield tag="502" ind1=" " ind2=" ">
    <subfield code="a">Tesis-Univ. Zaragoza,  , 2023</subfield>
    <subfield code="b">Zaragoza, Universidad de Zaragoza</subfield>
    <subfield code="c">2023</subfield>
  </datafield>
  <datafield tag="520" ind1=" " ind2=" ">
    <subfield code="a">El estudio aborda el análisis del actual escenario jurídico y social conducente a un nuevo Derecho penal sexual, fuertemente influido por movimientos sociales actuales (me too, movimientos feministas) que presenta una notable influencia en la medida de la intervención del Derecho penal en la esfera de tutela de la libertad sexual de los ciudadanos, y particularmente, respecto de menores y personas con discapacidad, en una protección reforzada que se expresa en el bien jurídico de la indemnidad sexual. &lt;br />La tesis parte de un estudio detallado del estado de la cuestión actual entorno a las lineas cardinales que orientan la regulación vigente de la protección de los menores y discapacitados en el ámbito sexual, a partir también de una mirada histórico-jurídica de la evolución de la tutela de intereses propios de momentos históricos pretéritos, como son la honestidad y la moralidad, desde un prisma ético-social dominado por la influencia del catolicismo en España. &lt;br />A partir de la comprensión de la evolución de nuestra legislación nacional y de las referencias al derecho comparado, tratamos de efectuar un abordaje omnicomprensivo del consentimiento sexual, como elemento central de la protección de la libertad sexual, también de los menores. El sentido, alcance y contenido que se le dote a dicho consentimiento, la distinción que proponemos entre sus elementos personales, objetivos y formales, entre los factores nucleares y periféricos de tal figura, nos permiten tanto explicar el actual modelo de protección, sometiéndolo a crítica en algunos de sus elementos, así como de las interpretaciones dadas a ciertos conceptos (particularmente, lo referente al modelo afirmativo de consentimiento sexual), así como nos confiere un fundamento para proponer una nueva orientación exegética de los límites de intervención penal en la protección de estas esferas, para tratar de conjugar el desarrollo de la personalidad de los menores, la adecuada socialización de las personas con discapacidad y la libertad que ha de presidir las interacciones humanas en esta parte de la realidad, desde una óptica de un Derecho penal coherente con un sistema moderno, democrático y de mínima intervención punitiva.  &lt;br /></subfield>
  </datafield>
  <datafield tag="506" ind1=" " ind2=" ">
    <subfield code="a">by-nc-nd</subfield>
    <subfield code="b">Creative Commons</subfield>
    <subfield code="c">3.0</subfield>
    <subfield code="u">http://creativecommons.org/licenses/by-nc-nd/3.0/es</subfield>
  </datafield>
  <datafield tag="520" ind1=" " ind2=" ">
    <subfield code="a">&lt;br /></subfield>
  </datafield>
  <datafield tag="521" ind1=" " ind2=" ">
    <subfield code="9">7088</subfield>
    <subfield code="a">Programa de Doctorado en Derecho</subfield>
  </datafield>
  <datafield tag="653" ind1="1" ind2=" ">
    <subfield code="a">derecho penal</subfield>
  </datafield>
  <datafield tag="653" ind1="1" ind2=" ">
    <subfield code="a">sexo</subfield>
  </datafield>
  <datafield tag="653" ind1="1" ind2=" ">
    <subfield code="a">criminalidad</subfield>
  </datafield>
  <datafield tag="700" ind1=" " ind2=" ">
    <subfield code="a">Boldova Pasamar, Miguel Ángel </subfield>
    <subfield code="e">dir.</subfield>
  </datafield>
  <datafield tag="710" ind1="2" ind2=" ">
    <subfield code="a">Universidad de Zaragoza</subfield>
    <subfield code="b"> </subfield>
  </datafield>
  <datafield tag="830" ind1=" " ind2=" ">
    <subfield code="9">500</subfield>
  </datafield>
  <datafield tag="856" ind1="0" ind2=" ">
    <subfield code="f">cdeurop@unizar.es</subfield>
  </datafield>
  <datafield tag="856" ind1="4" ind2=" ">
    <subfield code="u">http://zaguan.unizar.es/record/163091/files/TESIS-2025-306.pdf</subfield>
    <subfield code="z">Texto completo (spa)</subfield>
  </datafield>
  <datafield tag="909" ind1="C" ind2="O">
    <subfield code="o">oai:zaguan.unizar.es:163091</subfield>
    <subfield code="p">driver</subfield>
    <subfield code="p">tesis</subfield>
  </datafield>
  <datafield tag="910" ind1="2" ind2=" ">
    <subfield code="a">Ciencias Sociales y jurídicas</subfield>
    <subfield code="b"> </subfield>
  </datafield>
  <datafield tag="691" ind1=" " ind2=" ">
    <subfield code="a">0</subfield>
  </datafield>
  <datafield tag="692" ind1=" " ind2=" ">
    <subfield code="a"></subfield>
  </datafield>
  <datafield tag="540" ind1=" " ind2=" ">
    <subfield code="9">info:eu-repo/semantics/openAccess</subfield>
  </datafield>
  <datafield tag="980" ind1=" " ind2=" ">
    <subfield code="a">TESIS</subfield>
  </datafield>
</record>
</collection>